Statistics for Every The Dave Clark Five song that hit the Billboard hot 100

Click here to take the quiz!

General Stats

  • This quiz has been taken 13 times
  • The average score is 10 of 24

Answer Stats

Peak Chart PositionYearSong% Correct
61964Glad All Over
91%
41964Bits And Pieces
82%
151964Everybody Knows (I Still Love You)
73%
41965Catch Us If You Can
73%
431968Everybody Knows
73%
31964Because
64%
11965Over And Over
64%
71965I Like It Like That
55%
121966Try Too Hard
36%
141965Any Way You Want It
36%
111964Do You Love Me
36%
61964Can't You See That She's Mine
36%
71967You Got What It Takes
27%
481966Nineteen Days
27%
141965Come Home
27%
181966At The Scene
27%
231965Reelin' And Rockin'
27%
531964I Knew It All The Time
27%
671967A Little Bit Now
18%
281966Please Tell Me Why
18%
501966Satisfied With You
18%
441967I've Got To Have A Reason
18%
351967You Must Have Been A Beautiful Baby
18%
891967Red And Blue
18%

Score Distribution

Percentile by Number Answered

Percent of People with Each Score

Your Score History

You have not taken this quiz